Английский язык для направлений "Сервис" и "Туризм" (Запись № 1787620)

Подробности
000 -МАРКЕР
контрольное поле 02549nam0a2200457 4500
001 - ИДЕНТИФИКАТОР ЗАПИСИ
контрольное поле RU\NLR\bibl\1807677
005 - ИДЕНТИФИКАТОР ВЕРСИИ
контрольное поле 20260405074805.0
010 ## - МЕЖДУНАРОДНЫЙ СТАНДАРТНЫЙ НОМЕР КНИГИ (ISBN)
Номер (ISBN) 978-5-7695-8004-8
Уточнения в пер.
Тираж 1500
021 ## - НОМЕР ГОСУДАРСТВЕННОЙ РЕГИСТРАЦИИ
Код страны российская федерация
Номер 2011-57149
Номер Листа государственной регистраци 4048
035 ## - ДРУГИЕ СИСТЕМНЫЕ НОМЕРА
Идентификатор записи (nilc)LIBNET\0000155303
035 ## - ДРУГИЕ СИСТЕМНЫЕ НОМЕРА
Идентификатор записи (NLR Aleph) 001798317
100 ## - ДАННЫЕ ОБЩЕЙ ОБРАБОТКИ
Данные общей обработки 20110812d2011 |||y0rusy50 ca
101 0# - ЯЗЫК РЕСУРСА
Язык текста, звукозаписи и т.д. русский
-- английский
102 ## - СТРАНА ПУБЛИКАЦИИ ИЛИ ПРОИЗВОДСТВА
Страна публикации российская федерация
105 ## - ПОЛЕ КОДИРОВАННЫХ ДАННЫХ: ТЕКСТОВЫЕ МАТЕРИАЛЫ, МОНОГРАФИЧЕСКИЕ
Кодированные данные о монографическом текстовом документе a |||||||||
200 1# - ЗАГЛАВИЕ И СВЕДЕНИЯ ОБ ОТВЕТСТВЕННОСТИ
Основное заглавие Английский язык для направлений "Сервис" и "Туризм"
Параллельное заглавие English for students of hospitality and tourism industries
Сведения, относящиеся к заглавию учебник для студентов учреждений высшего профессионального образования
Первые сведения об ответственности Н. Н. Михайлов
Язык параллельного заглавия английский
205 ## - СВЕДЕНИЯ ОБ ИЗДАНИИ
Сведения об издании 5-е изд., стер.
210 ## - ПУБЛИКАЦИЯ, РАСПРОСТРАНЕНИЕ И ДР.
Место издания, распространения и т.д. Москва
Имя издателя, распространителя и т. д. Академия
Дата издания, распространения и т.д. 2011
215 ## - ФИЗИЧЕСКАЯ ХАРАКТЕРИСТИКА
Специфическое обозначение материала и объем 158, [1] с.
Другие сведения о физической характеристике ил.
Размеры 22
225 1# - СЕРИЯ
Основное заглавие серии Высшее профессиональное образование
Наименование части Сервис и туризм
225 1# - СЕРИЯ
Основное заглавие серии Бакалавриат
225 1# - СЕРИЯ
Основное заглавие серии Учебник
300 ## - ОБЩИЕ ПРИМЕЧАНИЯ
Текст примечания Авт. также на англ. яз.: N.N. Mikhailov
510 1# - ПАРАЛЛЕЛЬНОЕ ЗАГЛАВИЕ
Связь между полями z11790
Параллельное заглавие English for students of hospitality and tourism industries
Язык заглавия английский
606 1# - НАИМЕНОВАНИЕ ТЕМЫ КАК ПРЕДМЕТ
Наименование темы Английский язык
Тематический подзаголовок Учебные издания для специалистов в области туризма
Системный номер авторитетной/нормативной записи 2400125
Идентификатор авторитетной/нормативной записи RU\NLR\auth\661430737
606 1# - НАИМЕНОВАНИЕ ТЕМЫ КАК ПРЕДМЕТ
Наименование темы Английский язык
Тематический подзаголовок Учебные издания для специалистов в области гостиничного бизнеса
Системный номер авторитетной/нормативной записи 2524853
Идентификатор авторитетной/нормативной записи RU\NLR\auth\661495881
606 1# - НАИМЕНОВАНИЕ ТЕМЫ КАК ПРЕДМЕТ
Наименование темы Английский язык
Тематический подзаголовок Учебные издания для специалистов в области ресторанного бизнеса
Системный номер авторитетной/нормативной записи 2431723
Идентификатор авторитетной/нормативной записи RU\NLR\auth\661447335
686 ## - ИНДЕКСЫ ДРУГИХ КЛАССИФИКАЦИЙ
Индекс 81.43.21-923
Издание LBC/RL
Код системы
686 ## - ИНДЕКСЫ ДРУГИХ КЛАССИФИКАЦИЙ
Индекс Ш143.21-93рус329.53
686 ## - ИНДЕКСЫ ДРУГИХ КЛАССИФИКАЦИЙ
Индекс Ш143.21-93рус31
700 #1 - ИМЯ ЛИЦА - ПЕРВИЧНАЯ ОТВЕТСТВЕННОСТЬ
Код отношения Автор
Графика поля Кириллица
Материалы, к которым относится поле rus
Начальный элемент ввода Михайлов
Часть имени, кроме начального элемента ввода Н. Н.
Дополнения к именам, кроме дат канд. филол. наук, англ. язык
Даты 1939-2006
Расширение инициалов личного имени Николай Николаевич
Системный номер авторитетной/нормативной записи 9544
Идентификатор авторитетной/нормативной записи RU\NLR\AUTH\7726505
790 #1 - ИМЯ ЛИЦА - АЛЬТЕРНАТИВНАЯ ФОРМА
Код отношения Автор
Материалы, к которым относится поле rus
Графика поля Латинская
Начальный элемент ввода Michajlov
Часть имени, кроме начального элемента ввода N. N.
Даты 1939-2006
Дополнения к именам, кроме дат канд. филол. наук, англ. язык
Расширение инициалов личного имени Nikolaj Nikolaevič
Идентификатор авторитетной/нормативной записи RU\NLR\AUTH\7726506
Системный номер авторитетной/нормативной записи 9545
801 #0 - ИСТОЧНИК ЗАПИСИ
Страна российская федерация
Организация Смоленская ОУБ
Дата составления 20110812
Правила каталогизации rcr
801 #1 - ИСТОЧНИК ЗАПИСИ
Страна российская федерация
Организация Смоленская ОУБ
Дата составления 20110812
Правила каталогизации rcr
Источник данных rusmarc
801 #2 - ИСТОЧНИК ЗАПИСИ
Страна российская федерация
Организация NLR
Дата составления 20110908
Правила каталогизации rcr
942 ## - ДОПОЛНИТЕЛЬНЫЕ ЭЛЕМЕНТЫ ЗАПИСИ (АБИС)
Тип экземпляра АБИС Книга
980 ## - КОЛЛЕКЦИЯ
Название коллекции Национальная библиография
980 ## - КОЛЛЕКЦИЯ
Название коллекции НБР
Экземпляры
Тип экземпляра Дата поступления Источник поступления Библиотека постоянного хранения Библиотека текущего хранения Место хранения Шифр хранения Штрих-код Статус не для выдачи
Книга 08.09.2011 Обязательный экземпляр РНБ (Московский) РНБ (Московский) Русский книжный фонд: издания с 1957 года, 8этаж 2011-5/6827 1-3233822  
Книга 08.09.2011 Обязательный экземпляр РНБ (Московский) РНБ (Московский) Русский книжный фонд: издания с 1957 года, 8этаж 2011-5/6827 3485294